Stručný prehľad dôležitých mykotoxínov a možnosti ich detoxikácie

Bibliographic Details
Main Author: Dukes, Marian (Author)
Format: Article
Language:Slovak
ISSN:1335-1990
Subjects:

MARC

LEADER 00000nab a2200000 a 4500
001 vtls000733586
003 SK-MaSNL
005 20260304233851.0
008 250429c2000 xo 0 slo
015 |a SNBRB2000/10-24963 
035 |a CLN000085693 
035 |a (urnnbn)urn:nbn:sk:snk:ar-006nyc 
035 |a (uuid)67bcf253-bc63-4dfe-bdc5-2f290a448553 
035 |a urn:nbn:sk:snk-ab86u2 
040 |a SNKBUCL  |b slo  |c SNKBUCL  |e AACR2 
041 0 |a slo 
044 |a xo  |c SK 
080 |a 636.085:615.9  |2 1997 
080 |a 615.9  |2 1997 
080 |a 614.95  |2 1997 
080 |a 613.2  |2 1997 
100 1 |a Dukes, Marian  |4 aut  |9 267535 
245 1 0 |a Stručný prehľad dôležitých mykotoxínov a možnosti ich detoxikácie  |c preložil Marian Dukes 
650 0 7 |a mykotoxíny  |2 SNKPH  |9 16073 
650 0 7 |a krmivá  |2 SNKPH  |9 2812 
650 0 7 |a obilniny  |2 SNKPH  |9 19007 
655 7 |a články z novín a časopisov  |2 SNK  |9 267496 
773 0 |t Slovenský chov  |g Roč. 5, č. 6 (2000), s. 30-31 a 33  |x 1335-1990 
850 |a Slovenská národná knižnica 
852 |a Slovenská národná knižnica 
954 |a odborná, vedecká literatúra pôvodná (slovenská)  |2 lita 
958 |a article9 
958 |a OND 
958 |a EUIPO 
999 |c 3200549  |d 3202479